| 000 | 00544nam a2200169 4500 | ||
|---|---|---|---|
| 001 | 109999 | ||
| 003 | ES-MaACL | ||
| 005 | 20230906184946.0 | ||
| 007 | t| | ||
| 008 | 061121s1970 sp r ||||1| spa d | ||
| 100 | 1 |
_aMoisseieva, Fanny Efimovna. _981818 |
|
| 245 | 1 | 0 |
_aMi sueño letárgico de nueve días _b: (lo que he visto) / _cFanny Moisseieva; traducción del ruso de Lino Cappucio. |
| 260 |
_aZaragoza : _bCírculo, _c1970. |
||
| 300 |
_a175 p. ; _c18 cm. |
||
| 700 | 1 |
_aCappucio, Lino. _934903 |
|
| 852 |
_aES-MaACL _jC-49606 _bR.74287 |
||
| 999 |
_c109999 _d109999 |
||